Rules for construction of nuclear facility components : ASME boiler and pressure vessel code an international code. III, Division 1 - Subsection NF. Supports.

Gespeichert in:
Bibliographische Detailangaben
Format: Buch
Sprache:Englisch
Veröffentlicht: New York : The American Society of Mechanical Engineers New York (ASME), 2001
Schlagworte:
Tags: Tag hinzufügen
Keine Tags, Fügen Sie das erste Tag hinzu!

MARC

LEADER 00000nam a22000003a 4500
001 stu80247
005 20141121220306.8
008 030408s2001----xxu-----------------eng-d
040 |a STU  |b slo 
041 0 |a eng 
044 |a xxu 
080 |a 539.1 
245 |a Rules for construction of nuclear facility components :  |b ASME boiler and pressure vessel code an international code. III, Division 1 - Subsection NF. Supports.  
260 |a New York :  |b The American Society of Mechanical Engineers New York (ASME),  |c 2001 
650 7 |a Zariadenia jadrové  |2 stusub 
996 |b 284M056261  |c M*N-455-1  |l MMKN  |s A  |a 24  |w stu80247_0001